Statistics for Major U.S. Rivers with State Names

Click here to take the quiz!

General Stats

  • This quiz has been taken 17,027 times
    (17,016 since last reset)
  • The average score is 4 of 6

Answer Stats

Length River % Correct
3,544 kmMississippi
98%
3,768 kmMissouri
84%
2,330 kmColorado
83%
1,575 kmOhio
73%
2,322 kmArkansas
40%
1,504 kmTennessee
34%

Score Distribution

Percentile by Number Answered

Percent of People with Each Score

Your Score History

You have not taken this quiz since the last reset